00802nam a2200217 450000500170000001000150001702000260003203500140005803700090007208200140008110000270009524500540012225000060017626000580018227000590024030000200029950000630031994200280038299900190041095201550042920241104153256.0 aENG-141750 c695.00a9789386235794 aEN-125282 bDBAD a693.5424 aRaju, N Krishna973697 aStructural Design and Drawing/cBy N Krishna Raju a4 aHyderabadbUniversities Press (India) Pvt. Ltd.c2019 a3-6-747/A & 3-6-754/1, HimayatnagarbHyderabade500029 a482p.c24cm(pb) aReinforced Concrete and Steel (IS: 456-2000, IS: 800-2007) 2ddccENh693.54mRAJe4 c206054d206054 001040708NFICaBNbBNd2024-10-01eDelivery of Books Act Divisiong695.00l0o693.54 RAJpEN-125282r2024-10-01 00:00:00t1v695.00w2024-10-01yEN